LEADER 04700nam 22009615 450 001 9910484031103321 005 20260313120512.0 010 $a981-334-122-X 024 7 $a10.1007/978-981-33-4122-7 035 $a(CKB)4100000011801656 035 $a(MiAaPQ)EBC6521526 035 $a(Au-PeEL)EBL6521526 035 $a(OCoLC)1244118849 035 $a(PPN)254723969 035 $a(DE-He213)978-981-33-4122-7 035 $a(EXLCZ)994100000011801656 100 $a20210316d2021 u| 0 101 0 $aeng 135 $aurcnu|||||||| 181 $ctxt$2rdacontent 182 $cc$2rdamedia 183 $acr$2rdacarrier 200 10$aBlockchain Technology for IoT Applications /$fedited by Seok-Won Lee, Irish Singh, Masoud Mohammadian 205 $a1st ed. 2021. 210 1$aSingapore :$cSpringer Nature Singapore :$cImprint: Springer,$d2021. 215 $a1 online resource (x, 205 pages) $cillustrations 225 1 $aBlockchain Technologies,$x2661-8346 311 08$a981-334-121-1 327 $a1. Requirement Engineering and Its Role in a Blockchain Enabled Internet of Things -- 2. Automata DAO: A Blockchain-based Data Marketplace for Interactive Robot and IoT Data Exchanges Using Ethermint and State Channels -- 3. Hyperledger Architecture for Internet of Things and Supply chain Management -- 4. Can we predict tropical storms? Evidence from artificial intelligence -- 5. A Critical Review on using Blockchain Technology in Education Domain -- 6. A Blockchain-based Decentralized and Autonomous Model to Administer University Examinations -- 7. FaceHub: Facial Recognition Data Management in Blockchain -- 8. Incorporating Transaction Lifecycle Information in Blockchain Process Discovery -- 9. BIoT based Smart Agriculture: Food and Crops Efficiency & Improvement in Supply Chain Cycle -- 10. Hitching Medical IoT Devices to Blockchain for Personal Health Information Management. 330 $aThis book explores recent advances in the Internet of things (IoT) via advanced technologies and provides an overview of most aspects which are relevant for advance secure, distributed, decentralized blockchain technology in the Internet of things, their applications, and industry IoT. The book provides an in-depth analysis of the step-by-step evolution of IoT to create a change by enhancing the productivity of industries. It introduces how connected things, data, and their communication (data sharing) environment build a transparent, reliable, secure environment for people, processes, systems, and services with the help of blockchain technology. 410 0$aBlockchain Technologies,$x2661-8346 606 $aCooperating objects (Computer systems) 606 $aData protection 606 $aBusiness information services 606 $aEngineering mathematics 606 $aEngineering$xData processing 606 $aTelecommunication 606 $aBig data 606 $aCyber-Physical Systems 606 $aData and Information Security 606 $aIT in Business 606 $aMathematical and Computational Engineering Applications 606 $aCommunications Engineering, Networks 606 $aBig Data 606 $aObjectes cooperants (Sistemes informātics)$2thub 606 $aProtecciķ de dades$2thub 606 $aServeis d'informaciķ$2thub 606 $aEnginyeria$2thub 606 $aProcessament de dades$2thub 606 $aTelecomunicaciķ$2thub 606 $aMineria de dades$2thub 608 $aLlibres electrōnics$2thub 615 0$aCooperating objects (Computer systems) 615 0$aData protection. 615 0$aBusiness information services. 615 0$aEngineering mathematics. 615 0$aEngineering$xData processing. 615 0$aTelecommunication. 615 0$aBig data. 615 14$aCyber-Physical Systems. 615 24$aData and Information Security. 615 24$aIT in Business. 615 24$aMathematical and Computational Engineering Applications. 615 24$aCommunications Engineering, Networks. 615 24$aBig Data. 615 7$aObjectes cooperants (Sistemes informātics) 615 7$aProtecciķ de dades 615 7$aServeis d'informaciķ 615 7$aEnginyeria 615 7$aProcessament de dades 615 7$aTelecomunicaciķ 615 7$aMineria de dades 676 $a005.74 702 $aLee$b Seok-Won$c(Professor of Software Engineering) 702 $aSingh$b Irish 702 $aMohammadian$b Masoud 801 0$bMiAaPQ 801 1$bMiAaPQ 801 2$bMiAaPQ 906 $aBOOK 912 $a9910484031103321 996 $aBlockchain technology for IoT applications$91898849 997 $aUNINA